000 00725nam a2200253Ia 4500
003 OSt
005 20221007075657.0
006 a|||||r|||| 00| 0
007 ta
008 221006b |||||||| |||| 00| 0 eng d
024 _a1,169
037 _cReference Collections
040 _aFLL
_cFLL
_beng
041 _2eng
_aeng
082 _aX62:Z2, M9
100 _aTannan M. L.
245 0 _aBanking
_b Law and practice in India Rev.by R. D. Pandya and Sharvan K. Kataria
250 _a18th
260 _aNew Delhi
_bOrient Law House India
_c1989
300 _a817p
_ccm.
650 _aBanking Law
_9421663
942 _hX62:Z2, M9
_cREF
_2CC
999 _c1156976
_d1156976